Culture Générale - Série 385 - Statistiques

Statistiques générales
  • Ce quiz a été pris 273 fois
  • Le résultat moyen est 7 sur 10
Statistiques - réponses
Question Réponse % Correct
De quel mot "zarbi" est-il le verlan ? De bizarre
97%
Comment appelle-t-on les habitants de la principauté de Monaco ? Les Monégasques
94%
Dans une célèbre série des années 1970, quel flic incarné par David Soul est indissociable de Starsky ? Hutch
91%
Quel générique de série télévisée commence par: "Un cavalier qui surgit hors de la nuit" ? Zorro
90%
De quoi parle-t-on lorsque l'on dit d'un homme qu'il a de belles bacchantes ? De ses moustaches
66%
Quel animal est Skippy dans la série télévisée des années 60 ? Un kangourou
61%
Dans le film "Retour vers le futur III", Marty emprunte le nom d'un célèbre acteur de western. Lequel ? Clint Eastwood
49%
Quel instrument de musique russe à cordes pincées, constitué d'un manche et d'une caisse, s'écrit avec 4 "A" ? La balalaïka
47%
Quel actrice incarne Coco Chanel dans le film "Coco avant Chanel" ? Audrey Tautou
44%
Dans la série d'animation "Dora l'exploratrice", quel est le prénom de son ami le singe ? Babouche
42%
Aucun quiz correspondant
Distribution des résultats
% des personnes avec chaque résultat
Percentile par nombre de réponses
Votre historique - résultats
Vous n’avez pas pris ce quiz